|
|
|
|
| LEADER |
00642nab a2200181 i 4500 |
| 001 |
acta6940 |
| 005 |
20210514113329.0 |
| 008 |
161015s1997 hu o 0|| ger d |
| 022 |
|
|
|a 0324-6523
|
| 040 |
|
|
|a SZTE Egyetemi Kiadványok Repozitórium
|b hun
|
| 041 |
|
|
|a ger
|
| 100 |
1 |
|
|a Szondi Ildikó
|
| 245 |
1 |
0 |
|a Wohnungspolitik in Ungarn in den 1990er Jahren
|h [elektronikus dokumentum] /
|c Szondi Ildikó
|
| 260 |
|
|
|c 1997
|
| 300 |
|
|
|a 1-20
|
| 490 |
0 |
|
|a Acta Universitatis Szegediensis : acta juridica et politica
|v 52 No. 10
|
| 695 |
|
|
|a Jogtudomány
|
| 856 |
4 |
0 |
|u http://acta.bibl.u-szeged.hu/6940/1/juridpol_052_fasc_010_001-020.pdf
|z Dokumentum-elérés
|